Thương mại điện tử cho doanh nghiệp

Thương Mại Điện Tử Cho Doanh Nghiệp là bức tranh toàn cảnh về Thương Mại Điện Tử. Để đọc nó, bạn chẳng cần phải biết nhiều như một chuyên gia tin học ngoài vài khái niệm sơ đẳng về WEB mà ai dùng Internet cũng biết như Website, Webpage, URL,...

Full description

Saved in:
Bibliographic Details
Main Author: Trịnh, Lê Nam
Format: Book
Language:Undetermined
Published: Hà Nội Khoa học kỹ thuật 2001
Subjects:
Tags: Add Tag
No Tags, Be the first to tag this record!
Institutions: Trung tâm Học liệu Trường Đại học Cần Thơ
LEADER 01541nam a2200205Ia 4500
001 CTU_91704
008 210402s9999 xx 000 0 und d
020 |c 25000 
082 |a 004.69 
082 |b N104 
100 |a Trịnh, Lê Nam 
245 0 |a Thương mại điện tử cho doanh nghiệp 
245 0 |c Trịnh Lê Nam, Nguyễn Phúc Trường Sinh 
260 |a Hà Nội 
260 |b Khoa học kỹ thuật 
260 |c 2001 
520 |a Thương Mại Điện Tử Cho Doanh Nghiệp là bức tranh toàn cảnh về Thương Mại Điện Tử. Để đọc nó, bạn chẳng cần phải biết nhiều như một chuyên gia tin học ngoài vài khái niệm sơ đẳng về WEB mà ai dùng Internet cũng biết như Website, Webpage, URL, e-mail...Thương Mại Điện Tử Cho Doanh Nghiệp sẽ rất bổ ích cho các chủ doanh nghiệp khao khát đưa doanh nghiệp của mình vươn tầm ra thế giới. Thương Mại Điện Tử Cho Doanh Nghiệp cũng cần thiết cho các chuyên viên kỹ thuật khi khảo sát lập các dự án Thương Mại Điện Tử, và nó cũng tốt cho tất cả những ai muốn quan tâm tìm hiểu tổng quan Thương Mại Điện Tử là gì. 
650 |a Computer network esources,Electronic commerce 
904 |i Nguyên 
980 |a Trung tâm Học liệu Trường Đại học Cần Thơ